Statistiques concernant Personnalités en A

Cliquez ici pour prendre le quiz!

Statistiques générales

  • Ce quiz a été pris 235 fois
  • Le résultat moyen est 8 sur 20

Statistiques - réponses

HintRéponse% Correct
Célèbre conquérant, roi de MacédoineAlexandre le Grand
87%
Philosophe grec, élève de PlatonAristote
86%
Célèbre trompettiste de jazz américain, connu notamment pour What a Wonderful WorldLouis Armstrong
83%
Physicien français qui a donné son nom à l'unité de mesure de l'intensité électriqueLouis-Marie Ampère
83%
Ecrivain danois, auteur de la Petite Sirène et du Vilain Petit CanardHans-Christiaan Andersen
51%
Actuel entraîneur du Real MadridCarlo Ancelotti
50%
Joueur de football argentin ayant terminé sa carrière en 2021 à Manchester CitySergio Agüero
48%
Tennisman américain, mari de Steffi GrafAndré Agassi
45%
Surnom d'un homme politique turc, premier président du pays en 1920Atatürk
39%
Héros principal des légendes de Chrétien de TroyesArthur
36%
Célèbre danseur de claquettes américainFred Astaire
33%
Ecrivain français auteur de Les Yeux d'Elsa et Le Crève-cœurLouis Aragon
32%
Président de la RFA de sa création à 1963Konrad Adenauer
29%
Femme romaine, mère de NéronAgrippine
27%
Président américain succédant à George WashingtonJohn Adams
27%
Ingénieur aéronautique français, ayant choisi le nom d'"avion"Clément Ader
21%
Président de l'URSS entre 1982 et 1984Iouri Andropov
17%
Mathématicien célèbre pour son théorème de mesure dans un triangle quelconqueAl-Kashi
6%
Dernier empereur des Incas, assassiné par les Conquistadors en 1533Atahualpa
6%
Physicien suédois à l'origine de la théorie de la panspermie et de celle des ionsSvante Arrhenius
0%

Distribution des résultats

Percentile par nombre de réponses

% des personnes avec chaque résultat

Votre développement - résultats

Vous n’avez pas pris ce quiz